[Event "Porto Velho Taca"]
[Site "Porto Velho"]
[Date "2013.08.18"]
[Round "5.5"]
[White "Da Silva, Ezequias Damasceno"]
[Black "Cavalheiro, Vanir"]
[Result "1-0"]
[WhiteElo "1800"]
[BlackElo "1514"]
[PlyCount "61"]
[EventDate "2013.08.16"]
[EventType "swiss"]
[EventRounds "9"]
[EventCountry "BRA"]
[SourceTitle "EXT 2022"]
[Source "ChessBase"]
[SourceDate "2021.10.06"]
[SourceVersion "1"]
[SourceVersionDate "2021.10.06"]
[SourceQuality "1"]

1. e4 e5 2. Nf3 Nc6 3. Bc4 Qe7 4. d3 d6 5. h3 Be6 6. Bb5 Qd7 7. 0-0 Nge7 8. Nbd2 g6 9. Nb3 b6 10. d4 exd4 11. Nbxd4 a6 12. Bd3 Bg7 13. Nxc6 Nxc6 14. c3 0-0 15. Nh2 Ne5 16. Bc2 c5 17. f4 Nc4 18. f5 gxf5 19. exf5 Bxf5 20. Bxf5 Qe7 21. Qh5 h6 22. Qg4 Ne3 23. Bxe3 Qxe3+ 24. Kh1 Rae8 25. Nf3 Qe2 26. Rab1 Re7 27. Rfe1 h5 28. Qxh5 Qxe1+ 29. Rxe1 Rxe1+ 30. Nxe1 d5 31. Qh7# 1-0

[Event "Porto Velho Taca"]
[Site "Porto Velho"]
[Date "2013.08.17"]
[Round "3.4"]
[White "Farias, Sergio Luiz Cardoso"]
[Black "Cavalheiro, Vanir"]
[Result "1-0"]
[WhiteElo "1538"]
[BlackElo "1514"]
[PlyCount "35"]
[EventDate "2013.08.16"]
[EventType "swiss"]
[EventRounds "9"]
[EventCountry "BRA"]
[SourceTitle "EXT 2022"]
[Source "ChessBase"]
[SourceDate "2021.10.06"]
[SourceVersion "1"]
[SourceVersionDate "2021.10.06"]
[SourceQuality "1"]

1. e4 e5 2. f4 exf4 3. Nf3 Bd6 4. d4 Nf6 5. e5 Bb4+ 6. c3 Nd5 7. cxb4 Ne3 8. Bxe3 fxe3 9. Qb3 0-0 10. Bc4 Qe7 11. 0-0 Nc6 12. Qxe3 Nxb4 13. Bb3 d5 14. Nc3 c6 15. a3 Na6 16. Qd3 b5 17. Bc2 Nc7 18. Qxh7# 1-0